00263nam a2200097Ia 4500008004100000100001700041245005400058260002900112300000800141650001600149191201s2013 xx 000 0 und d aSINGH,Vipula 0aDigital Image Processing with Matlab and Lab View aN. DelhibElsevierc2013 a804 aB.Tech(CSE)